La diplomacia bismarckiana ante la cuestión cubana : (Record no. 34776)
[ view plain ]
| 000 -CABECERA | |
|---|---|
| campo de control de longitud fija | 00810nam a2200193 a 4500 |
| 001 - NÚMERO DE CONTROL | |
| campo de control | 000035285 |
| 005 - FECHA Y HORA DE LA ÚLTIMA TRANSACCIÓN | |
| campo de control | 20200930074230.0 |
| 008 - DATOS DE LONGITUD FIJA--INFORMACIÓN GENERAL | |
| campo de control de longitud fija | 111027s1988 es 000 0 spa d |
| 020 ## - NÚMERO INTERNACIONAL ESTÁNDAR DEL LIBRO | |
| Número Internacional Estándar del Libro | 8400068939 |
| 040 ## - FUENTE DE LA CATALOGACIÓN | |
| Centro catalogador/agencia de origen | DO-SdBNP |
| 100 1# - ENTRADA PRINCIPAL--NOMBRE DE PERSONA | |
| Nombre de persona | Alvarez Gutiérrez, Luis. |
| 9 (RLIN) | 61051 |
| 245 13 - MENCIÓN DE TÍTULO | |
| Título | La diplomacia bismarckiana ante la cuestión cubana : |
| Resto del título | 1868-1874 / |
| Mención de responsabilidad, etc. | Luis Alvarez Gutiérrez ; prólogo de Manuel Espadas Burgos. |
| 260 ## - PUBLICACIÓN, DISTRIBUCIÓN, ETC. | |
| Lugar de publicación, distribución, etc. | Madrid : |
| Nombre del editor, distribuidor, etc. | Consejo Superior de Investigaciones Científicas, Centro de Estudios Históricos. Departamento de Historia Contemporánea, |
| Fecha de publicación, distribución, etc. | 1988. |
| 300 ## - DESCRIPCIÓN FÍSICA | |
| Extensión | xxxix, 423 p. ; |
| Dimensiones | 24 cm. |
| 500 ## - NOTA GENERAL | |
| Nota general | Incluye índice |
| 500 ## - NOTA GENERAL | |
| Nota general | Incluye referencias bibliográficas y notas al pie de las páginas |
| 504 ## - NOTA DE BIBLIOGRAFÍA, ETC. | |
| Nota de bibliografía, etc. | Bibliográfia: p. 36-39 |
| 700 12 - PUNTO DE ACCESO ADICIONAL--NOMBRE DE PERSONA | |
| Nombre de persona | Espafas Burgos, Manuel |
| Término indicativo de función/relación | pról. |
| 9 (RLIN) | 61052 |
| Estado de retiro | Estado de pérdida | Restricciones de uso | No para préstamo | Código de colección | Localización permanente | Ubicación/localización actual | Ubicación en estantería | Fecha de adquisición | Número de inventario | Total de préstamos | Signatura topográfica completa | Código de barras | Fecha visto por última vez | Precio válido a partir de | Tipo de ítem Koha |
|---|---|---|---|---|---|---|---|---|---|---|---|---|---|---|---|
| Excluido de préstamo | Monografías: Libros y Folletos | General | General | Depósito | 27.10.2011 | LF1 | 35285-10 | 25.06.2020 | 25.06.2020 | No se presta |
